000 01062cam a22002898i 4500
999 _c57613
_d57613
001 20818797
005 20220429133823.0
006 m |o d |
007 cr_|||||||||||
008 190122s2019 nyu ob 001 0 eng
020 _z9780071842617
041 _aeng
080 _a616.8 A-20
082 0 0 _2
245 1 0 _aAdams and Victor's principles of neurology /
_cAuthors: Allan H. Ropper, Martin Samuels, Joshua Klein, Sashank Prasad.
250 _aEleventh edition.
264 1 _aNew York :
_bMcGraw-Hill Education,
_c2019
300 _a1653 p. :
_bill.,
_c28 cm.
653 _a ადამსი და ვიქტორთა ნევროლოგიის პრინციპები
653 _aმედიცინა
653 _aნევროლოგია
700 1 _aRopper, Allan
_eავტორი
_99232
700 1 _aSamuels, Martin A.
_eავტორი
_99232
700 1 _aKlein, Joshua.
_eავტორი
_99233
700 1 _aPrasad, Sashank
_eავტორი
_913703
942 _2udc
_cBK